10 plus grandes villes des Hautes-Alpes - Statistiques

Statistiques générales
  • Ce quiz a été pris 83 fois
  • Le résultat moyen est 6 sur 10
Statistiques - réponses
Population Ville % Correct
40 111 Gap
100%
10 780 Briançon
95%
6 435 Embrun
78%
3 231 Veynes
58%
3 077 Chorges
55%
2 291 Guillestre
49%
2 295 Tallard
49%
3 579 Laragne-Montéglin
32%
2 579 La Bâtie-Neuve
22%
2 238 L'Argentière-la-Bessée
16%
Aucun quiz correspondant
Distribution des résultats
% des personnes avec chaque résultat
Percentile par nombre de réponses
Votre historique - résultats
Vous n’avez pas pris ce quiz